[Event "heath games"]
[Site "http://www.queenalice.com/game.php?id=89715"]
[Date "2006.7.26"]
[Round "-"]
[White "pineapple"]
[Black "WaZ"]
[Result "1/2-1/2"]
[WhiteElo "1514"]
[BlackElo "2004"]

1. e4 e5 2. Nf3 Nc6 3. d4 exd4 4. Nxd4 Bc5 5. Be3 Bxd4 6. Bxd4 Nxd4 7. Qxd4 Nf6
8. Nc3 O-O 9. O-O-O d6 10. Bc4 Nd7 11. f4 Nc5 12. f5 Qg5+ 13. Rd2 Bd7 14. Kb1
Bc6 15. Re2 Nd7 16. Bd5 a5 17. Qe3 Qxe3 18. Rxe3 Ne5 19. h3 a4 20. g4 a3 21. b3
Ra6 22. Bxc6 bxc6 23. g5 Rb8 24. h4 Rb4 25. Kc1 Rd4 26. Rd1 Rxd1+ 27. Kxd1 Kf8
28. Ne2 c5 29. Nf4 Ra8 30. Ke2 c6 31. c4 Rb8 32. Nd3 Nd7 33. Nf4 Re8 34. h5 Ne5
35. Rg3 Ke7 36. Ke3 f6 37. g6 h6 38. Ne6 Rg8 39. Kd2 Nd7 40. Kc3 Nf8 41. Nf4 Nd7
42. b4 cxb4+ 43. Kxb4 Rb8+ 44. Kxa3 Nc5 45. Rg2 Ra8+ 46. Kb4 Ra4+ 47. Kc3 Nxe4+
1/2-1/2

[Event "AUTO-MASTER-114"]
[Site "http://www.queenalice.com/game.php?id=90603"]
[Date "2006.7.29"]
[Round "2"]
[White "Luciano_Matte"]
[Black "WaZ"]
[Result "0-1"]
[WhiteElo "2008"]
[BlackElo "1937"]

1. Nf3 f5 2. d4 Nf6 3. c4 d6 4. Nc3 g6 5. Bg5 Bg7 6. Qd2 Ne4 7. Nxe4 fxe4 8. Ng1
O-O 9. Bh6 Bxh6 10. Qxh6 c5 11. Qd2 cxd4 12. Qxd4 Nc6 13. Qd2 Be6 14. e3 Rc8 15.
Nh3 Bxh3 16. gxh3 Ne5 17. Be2 e6 18. Qb4 Qh4 19. Rf1 Rc5 20. Rd1 Qe7 21. b3 a5
22. Qc3 b5 23. Qd4 bxc4 24. bxc4 Rxc4 25. Qxd6 Qxd6 26. Rxd6 Nf3+ 27. Bxf3 Rxf3
28. Rxe6 Rxh3 29. Ra6 Rc1+ 30. Ke2 Rc2+ 31. Kd1 Rxa2 32. Re6 Rh5 33. Rxe4 Rb5
34. Rc4 Rb1+ 35. Rc1 Rxc1+ 36. Kxc1 Ra1+ 0-1

[Event "AUTO-MASTER-114"]
[Site "http://www.queenalice.com/game.php?id=90604"]
[Date "2006.7.29"]
[Round "2"]
[White "WaZ"]
[Black "Luciano_Matte"]
[Result "1-0"]
[WhiteElo "1917"]
[BlackElo "2006"]

1. e4 e6 2. d3 d5 3. Nd2 dxe4 4. Nxe4 Nf6 5. Nxf6+ Qxf6 6. c3 b6 7. Be2 Bb7 8.
Bf3 Bxf3 9. Nxf3 Bd6 10. Qa4+ c6 11. Bg5 Qg6 12. O-O O-O 13. Rad1 h6 14. Be3 c5
15. d4 Qe4 16. Rfe1 Qc6 17. Qc4 b5 18. d5 Qd7 19. dxe6 fxe6 20. Qe4 Na6 21. Bf4
Rxf4 22. Qxa8+ Rf8 23. Qe4 Nc7 24. Ne5 Qd8 25. f4 Nd5 26. Nc6 1-0

[Event "AUTO-MASTER-114"]
[Site "http://www.queenalice.com/game.php?id=90605"]
[Date "2006.7.29"]
[Round "2"]
[White "alib2004"]
[Black "WaZ"]
[Result "0-1"]
[WhiteElo "1715"]
[BlackElo "1985"]

1. e4 c6 2. c4 e5 3. Nf3 Nf6 4. Nc3 d6 5. Be2 Be7 6. O-O Nbd7 7. b3 O-O 8. d4
Re8 9. d5 Qc7 10. Bg5 Nc5 11. Qc2 Bg4 12. h3 Bxf3 13. Bxf3 Nxd5 14. cxd5 Bxg5
15. b4 Na6 16. a3 cxd5 17. exd5 e4 18. Bxe4 Rxe4 19. Qxe4 Qxc3 20. Rfe1 Rf8 21.
Qf5 Bd8 22. Rec1 Qd4 23. Rd1 Qf6 24. Qd7 Bb6 25. Rf1 Nc7 26. Rad1 Rd8 27. Qa4
Qg5 28. Qb3 Re8 29. a4 a6 30. a5 Ba7 31. Rd3 Nb5 32. Rg3 Qf4 33. Qb2 Qxg3 0-1

[Event "AUTO-MASTER-114"]
[Site "http://www.queenalice.com/game.php?id=90606"]
[Date "2006.7.29"]
[Round "2"]
[White "WaZ"]
[Black "alib2004"]
[Result "1-0"]
[WhiteElo "1999"]
[BlackElo "1769"]

1. c4 Nf6 2. d4 c5 3. d5 d6 4. Nc3 e6 5. g3 Be7 6. Bg2 O-O 7. Nf3 exd5 8. cxd5
Nbd7 9. O-O a6 10. a4 Nb6 11. Qb3 Bg4 12. a5 Nbd7 13. Qxb7 h6 14. e4 Re8 15. h3
Bh5 16. Nd2 Ne5 17. f4 Nd3 18. g4 Bg6 19. Nc4 Nd7 20. Qc6 Nb4 21. Qa4 Qc7 22. f5
Bh7 23. Bf4 f6 24. Rfd1 Ne5 25. Nb6 Rad8 26. Bxe5 fxe5 27. Na2 Nxa2 28. Qxa2 Bh4
29. Qc4 Qb7 30. Bf1 Kf7 31. Qxa6 Qe7 32. Qb5 Qg5 33. Nc4 Qf4 34. Bg2 Bf2+ 35.
Kh1 Qg3 36. a6 Be3 37. Ra3 Rb8 38. Nxd6+ 1-0

[Event "AUTO-OPEN-231"]
[Site "http://www.queenalice.com/game.php?id=139138"]
[Date "2006.12.9"]
[Round "2"]
[White "Boeing"]
[Black "WaZ"]
[Result "0-1"]
[WhiteElo "1789"]
[BlackElo "1997"]

1. e4 c6 2. Nf3 d5 3. e5 Bg4 4. Be2 e6 5. O-O Ne7 6. d4 Nd7 7. b4 Ng6 8. h3 Bxf3
9. Bxf3 Bxb4 10. a3 Be7 11. Re1 O-O 12. g3 c5 13. h4 cxd4 14. Qxd4 Ngxe5 15.
Rxe5 Nxe5 16. Qxe5 Bf6 17. Bg5 Bxe5 18. Bxd8 Bxa1 19. Bg5 Rac8 20. Bd1 f6 21.
Bd2 Bd4 22. c3 Bb6 23. Kg2 Rc6 24. Bf4 e5 25. Bd2 Rd8 26. Ba4 Rcd6 27. f4 e4 28.
Bb3 g6 29. g4 f5 30. gxf5 gxf5 31. Be1 Rg6+ 32. Kf1 Rg1+ 33. Ke2 Rg2+ 34. Kd1
Kg7 35. Kc1 d4 36. c4 d3 37. Nd2 Rg1 38. Kd1 e3 39. Nf3 e2+ 40. Kd2 Ba5+ 41. Ke3
Rxe1 42. Nxe1 Bxe1 0-1

[Event "AUTO-OPEN-231"]
[Site "http://www.queenalice.com/game.php?id=139139"]
[Date "2006.12.9"]
[Round "2"]
[White "WaZ"]
[Black "Boeing"]
[Result "1-0"]
[WhiteElo "1991"]
[BlackElo "1741"]

1. e4 e5 2. Nf3 d6 3. c3 Bd7 4. d4 exd4 5. cxd4 Nf6 6. Nc3 h6 7. Qb3 b6 8. Bc4
Qe7 9. O-O Nc6 10. Nd5 Nxd5 11. exd5 Na5 12. Qc2 Nxc4 13. Re1 Ne5 14. dxe5 O-O-O
15. Bf4 dxe5 16. Bxe5 Qc5 17. Qe4 Qb4 18. Rac1 Qxe4 19. Rxc7+ Kb8 20. Rxd7+ Kc8
21. Rc7+ Kb8 22. Rxe4 Bd6 23. Bxd6 Rxd6 24. Rxf7 Rxd5 25. g3 g5 26. Ree7 a5 27.
Ne5 Rd2 28. Nc6+ Kc8 29. Rc7# 1-0

[Event "AUTO-OPEN-231"]
[Site "http://www.queenalice.com/game.php?id=139144"]
[Date "2006.12.9"]
[Round "2"]
[White "WaZ"]
[Black "Gazzana"]
[Result "0-1"]
[WhiteElo "1990"]
[BlackElo "1996"]

1. e4 e5 2. Nf3 Nc6 3. Bc4 Nf6 4. d3 h6 5. c3 d5 6. exd5 Nxd5 7. Qb3 Be6 8. Qxb7
Na5 9. Bb5+ Ke7 10. Qa6 c6 11. Bxc6 Nxc6 12. Qxc6 f6 13. O-O Rc8 14. Qb7+ Rc7
15. Qa6 Kf7 16. Nbd2 Bc5 17. Nb3 Bb6 18. d4 e4 19. Nfd2 e3 20. Nf3 exf2+ 21.
Rxf2 Re8 22. Bd2 Ne7 23. Bf4 Rc8 24. Re1 g5 25. Bxg5 Nf5 26. Bd2 Bc4 27. Rxe8
Qxe8 28. Qb7+ Kg8 29. Ne5 fxe5 30. Rxf5 exd4 31. Nxd4 Rb8 32. Qf3 Bxd4+ 0-1

[Event "AUTO-OPEN-231"]
[Site "http://www.queenalice.com/game.php?id=139145"]
[Date "2006.12.9"]
[Round "2"]
[White "Gazzana"]
[Black "WaZ"]
[Result "0-1"]
[WhiteElo "2067"]
[BlackElo "1992"]

1. e4 c5 2. d4 cxd4 3. c3 dxc3 4. Nxc3 Nc6 5. Bf4 e5 6. Be3 Nf6 7. Bc4 Bb4 8. f3
Na5 9. Bd3 O-O 10. Ne2 d5 11. exd5 Nxd5 12. Bf2 Be6 13. O-O Rc8 14. Nxd5 Qxd5
15. Bxa7 Rfd8 16. Qa4 Qxd3 17. Qxb4 Nc6 18. Qxb7 Qxe2 19. Rfe1 Qc2 20. Rac1 Qa4
21. Bb6 Rd2 22. Rxe5 Rd1+ 23. Re1 Rxe1+ 24. Rxe1 Rb8 25. Qc7 Qb5 26. Bf2 h6 27.
Rc1 Rc8 28. Qb6 Qxb6 29. Bxb6 Bxa2 30. b4 Be6 31. b5 Ne7 32. Rxc8+ Bxc8 33. Bc5
Nd5 34. h4 f6 35. Kf2 Kf7 36. g4 Nc3 37. b6 Na4 38. Bd4 Ke6 39. Ke3 Kd5 40. g5
hxg5 41. hxg5 Ke6 42. Kf4 Kf7 43. gxf6 gxf6 44. Ke4 Ke6 45. Kf4 f5 46. Ke3 Kd5
47. f4 Bb7 48. Kd3 Nc5+ 49. Ke3 Kc4 50. Be5 Nd7 51. Bc7 Kc5 52. Bd8 Nxb6 53. Kd3
Nd5 54. Bg5 Nb4+ 55. Kc3 Nd5+ 0-1

[Event "glaasje Limo!"]
[Site "http://www.queenalice.com/game.php?id=169059"]
[Date "2007.2.15"]
[Round "-"]
[White "limonois"]
[Black "WaZ"]
[Result "1-0"]
[WhiteElo "2078"]
[BlackElo "2005"]

1. e4 c6 2. Nf3 d6 3. d4 Nd7 4. Nc3 e5 5. Bc4 Be7 6. dxe5 dxe5 7. Ng5 Bxg5 8.
Qh5 Qe7 9. Qxg5 Ngf6 10. Be2 O-O 11. Qg3 Rd8 12. Bh6 Ne8 13. Rd1 Ndf6 14. Rxd8
Qxd8 15. a3 Be6 16. O-O Qa5 17. Bg5 Qc7 18. Rd1 a5 19. a4 b6 20. f4 exf4 21.
Qxf4 Qe7 22. e5 Qc5+ 23. Qe3 Qxe3+ 24. Bxe3 Nd7 25. Bf4 Rc8 26. Ba6 Rc7 27. Rd2
h6 28. Ne4 Ra7 29. Be2 Nc7 30. Bf3 Nd5 31. Bg3 Kf8 32. Nd6 Ra8 33. b3 Rd8 34. h4
Ne7 35. h5 Nb8 36. Rf2 Kg8 37. Bh4 Rd7 38. Be2 Nd5 39. Rf1 Nb4 40. Rc1 Na2 41.
Re1 Nb4 42. Bd1 c5 43. Bg3 N8c6 44. Bf3 Ne7 45. Be4 Bg4 46. Bh4 Ned5 47. Kh2
Bxh5 48. Bf5 Ra7 49. e6 g5 50. Nc8 Ra8 51. e7 Rxc8 52. Bxc8 Nxe7 53. Rxe7 gxh4
54. Rb7 Bd1 55. Bf5 Nxc2 56. Bxc2 Bxc2 57. Rxb6 c4 58. b4 axb4 59. Rxb4 Bd3 60.
Rb8+ Kg7 61. Rc8 Kg6 62. a5 Be4 63. Rxc4 f5 64. Rxe4 fxe4 65. a6 e3 66. Kg1 1-0

[Event "Challenge"]
[Site "http://www.queenalice.com/game.php?id=183328"]
[Date "2007.3.17"]
[Round "-"]
[White "WaZ"]
[Black "pineapple"]
[Result "1-0"]
[WhiteElo "1986"]
[BlackElo "1593"]

1. e4 e5 2. f4 exf4 3. Nf3 d5 4. exd5 Nf6 5. c4 Bd6 6. d4 Bg4 7. Bd3 c5 8. Qe2+
Qe7 9. Qxe7+ Bxe7 10. Nbd2 Nbd7 11. O-O O-O 12. Nb3 Bd6 13. dxc5 Nxc5 14. Nxc5
Bxc5+ 15. Kh1 Bxf3 16. Rxf3 g5 17. h4 h6 18. hxg5 hxg5 19. Bd2 Rfe8 20. Bc3 Kg7
21. g3 Re3 22. Raf1 Rxf3 23. Rxf3 Be3 24. gxf4 Bxf4 25. Rh3 Rf8 26. Rh7+ Kg8 27.
Bxf6 1-0

[Event "Challenge"]
[Site "http://www.queenalice.com/game.php?id=185329"]
[Date "2007.3.21"]
[Round "-"]
[White "WaZ"]
[Black "Bitencourt"]
[Result "1-0"]
[WhiteElo "1974"]
[BlackElo "1436"]

1. e4 d5 2. exd5 Nf6 3. c4 c6 4. d4 cxd5 5. c5 e6 6. Nc3 Nc6 7. Nf3 g6 8. Bd3
Bg7 9. O-O a6 10. Bf4 O-O 11. Qd2 Nb4 12. Bb1 Re8 13. Na4 a5 14. Nb6 Rb8 15.
Bxb8 1-0

[Event "just a game..."]
[Site "http://www.queenalice.com/game.php?id=231097"]
[Date "2007.6.26"]
[Round "-"]
[White "Pawngal"]
[Black "WaZ"]
[Result "0-1"]
[WhiteElo "1424"]
[BlackElo "2011"]

1. e4 c6 2. d4 d5 3. Nc3 dxe4 4. Nxe4 Bf5 5. f3 e6 6. g4 Qh4+ 7. Nf2 Bg6 8. Bd3
Nf6 9. Bxg6 hxg6 10. c4 Nbd7 11. Bf4 Bb4+ 12. Bd2 Bxd2+ 13. Qxd2 O-O-O 14. Nh3
Rhe8 15. O-O-O Ne5 16. Qc3 Ned7 17. g5 Ng8 18. f4 Ne7 19. d5 Nb6 20. d6 Nf5 21.
c5 Nd5 22. Qb3 Nxf4 23. d7+ Rxd7 24. Rxd7 Kxd7 25. Rd1+ Ke7 26. Qxb7+ Kf8 27.
Qxc6 Nxh3 28. Nxh3 Qxh3 29. Qd7 Qxh2 30. c6 Ne3 31. Rd2 Qg1+ 32. Rd1 Qxd1+ 33.
Qxd1 Nxd1 34. Kxd1 Rc8 35. b4 Rxc6 36. a3 Rc3 37. Kd2 Rxa3 38. b5 Rb3 39. Kc2
Rxb5 40. Kc1 a5 41. Kd2 a4 42. Kd1 a3 43. Ke2 Rb3 44. Kd2 a2 45. Kc2 a1=Q 46.
Kd2 Qa2+ 47. Kd1 Rb1# 0-1

[Event "AUTO-OPEN-231"]
[Site "http://www.queenalice.com/game.php?id=260727"]
[Date "2007.8.24"]
[Round "3"]
[White "WaZ"]
[Black "Abilio"]
[Result "0-1"]
[WhiteElo "1986"]
[BlackElo "1984"]

1. e4 e5 2. Nf3 Nc6 3. c3 Nf6 4. d4 exd4 5. e5 Nd5 6. Bc4 Nb6 7. Bb3 dxc3 8.
Nxc3 Be7 9. O-O O-O 10. Bf4 g5 11. Bg3 d6 0-1

[Event "AUTO-OPEN-231"]
[Site "http://www.queenalice.com/game.php?id=260728"]
[Date "2007.8.24"]
[Round "3"]
[White "Abilio"]
[Black "WaZ"]
[Result "1-0"]
[WhiteElo "1963"]
[BlackElo "1986"]

1. d4 Nf6 2. Nf3 g6 3. e3 Bg7 4. Nc3 d6 5. Bb5+ c6 6. Bd3 O-O 7. O-O Bg4 8. h3
Bxf3 9. Qxf3 Nbd7 10. e4 Qc7 11. Be3 Rfe8 12. Rfe1 e5 13. d5 cxd5 14. exd5 1-0